MDQL
is popping MORE tags! Check the
thread
!
Quizzes
Events
Quiz Creation
Community
Videos
Private Events
Remove Ads
Sign In
Join for FREE
Feedback
Dark Mode
Quiz Categories
Sports
Geography
Music
Movies
Television
Just For Fun
Miscellaneous
History
Literature
Language
Science
Gaming
Entertainment
Religion
Holiday
For Kids
Quiz Lab
Recent
Popular Today
Quiz Kudos Today
Editor Picks
Curator Picks
Quizzes by...
Day
Popularity
Type
Ratings
Length
Year
Community
Subscriptions
Recent Discussions
Orange Saloon
Badges
Playlists
Quests
Create
Leaderboards
Showdown
Live 5
Trivia Bingo
Activity
Puzzle Library
Sporcle Events
Private Events
Virtual Trivia
Globe League
Become a Host
Pub Owners
SporcleCon
Opinionation
Our Games
Videos
Blog
Mobile Apps
Partnerships
Remove Ads and Go Orange
Feedback
Music
Pop Music
The Beatles
Song
Album
Lyrics
Bands
Singers
Artist
Clip
Rock
Rap
Classical
Billboard
Country Music
Kpop
Taylor Swift
Music
Pop Music
The Beatles
Song
Album
Lyrics
Bands
Singers
Artist
Clip
Rock
Rap
Classical
Billboard
Country Music
Kpop
Taylor Swift
Random Quiz
Search Sporcle
×
Quiz Lab
Quiz Lab
Music
Artist
Type in answers that appear in a list
Type in answers that appear in a list
Classic
Best Score? Go Orange.
Billboard Hits: Like A Blank Stats
Can you name the Billboard Hot 100 hits with a title that starts with 'Like A...', and the artists who performed them?
By
coreywurts
10m
38 Questions
117 Plays
117 Plays
117 Plays
Comments
Comments
Give Quiz Kudos
Give Quiz Kudos
-
- Ratings
hide this ad
More Info
Replay
Link that replays current quiz
Next Quiz
Link to next quiz in quiz playlist
You Got
0%
They Got
Avg Score
22%
Avg Friend Score
Upgrade to see
Score Distribution
Jump to the score distribution portion of the page
Score
0/38
Timer
10:00
0
Plays Today
% Correct
LIKE A VIRGIN
97.4%
LIKE A VIRGIN
97.4%
LIKE A PRAYER
83.8%
LIKE A PRAYER
83.8%
MADONNA
82.1%
MADONNA
82.1%
LIKE A ROLLING STONE
47.9%
BOB DYLAN
38.5%
LIKE A ROCK
24.8%
LIKE A G6
23.9%
BOB SEGER
20.5%
LIKE A WOMAN
18.8%
LIKE A SURGEON
18.8%
WEIRD AL YANKOVIC
17.9%
LIKE A STONE
13.7%
LIKE A BOY
12.8%
FAR EAST MOVEMENT
12%
GLEE CAST
12%
GLEE CAST
12%
% Correct
AUDIOSLAVE
10.3%
LIKE A STAR
8.5%
LIKE A CHILD
7.7%
LIKE A CHILD
7.7%
CIARA
6%
LIKE A BABY
5.1%
CORINNE BAILEY RAE
3.4%
LIKE A PIMP
3.4%
LEN BARRY
2.6%
GENE COTTON
2.6%
LIKE A SUNDAY IN SALEM (THE AMOS AND ANDY SONG)
2.6%
JOHN DENVER
1.7%
TONY RICH PROJECT
1.7%
NOEL
1.7%
LIKE A SAD SONG
1.7%
LIKE A SUNDAY MORNING
1.7%
DAVID BANNER
0.9%
LANA CANTRELL
0.9%
JULIE ROGERS
0.9%
Quiz Playlist
Details
Report
Send in Message
Add To Playlist
More Info:
Full names of artists are usually required.
Classic:
Type in answers that appear in a list
Last Updated: Feb 16, 2017
Quiz Scoreboard
CHALLENGE
Sign Up to Join the Scoreboard
Show All
Scores
Hide
Comments
May contain spoilers
Recently Published
Two Season TV Shows II
by 123Four
Television
10m
Image Sorting: Flags VI
by Barbecue
Geography
2m
Find the 'City' Movie
by crazypaving
Movies
60s
More to Explore
Quiz From the Vault
Featured Blog Post
14 Easter Pick-up Lines to Find Eggs With
hide this ad
You Might Also Like...
Tags
Artist Quiz
Billboard Quiz
100
blank
hit
hot
Hot 100
Performed
start
Today's Top Quizzes in Music
Browse Music
hide this ad
Today's Top Quizzes in Artist
Browse Artist
Top Contributed Quizzes in Music
1
5X2 Blitz: Bands II
2
5X2 Blitz: The Beatles
3
Taylor Swift All Songs (2024)
4
5X2 Blitz: Billboard
5
5X2 Blitz: Billboard II
6
5X2 Blitz: Album
7
5X2 Blitz: Rock
8
5X2 Blitz: Singers
9
Music Artist by Three 2010s hits
10
5X2 Blitz: Lyrics
Explore More
Trending Topics
NBA
Harry Potter
Crossword
Marvel
Disney
Kpop
Anime
Soccer
Country
The Office
Pokémon
Puzzle
NFL
WWE
Song
hide this ad
More By:
coreywurts
Quiz
Plays
Rating
Category
Featured
Created
Most Common 3-Letter Words: '_O_'
36,549
4.30
Language
Jan 18, 2015
Most Common 3-Letter Words: '_E_'
29,377
3.99
Language
Jan 10, 2015
Billboard Most Common Song Titles
3,016
4.49
Music
Feb 23, 2015
Big Brother 16 (US): Eviction Order
2,841
4.00
Television
Sep 16, 2017
Big Brother 19 (US): Eviction Order
2,824
Television
Oct 21, 2017
Go to Creator's Profile
Score Distribution
Quiz Creator Spotlight
coreywurts
Follow
Send a Message
Quizzes Created
-
Created Quiz Play Count
-
More By This Creator
Popular Quizzes Today
1
Find the US States - No Outlines Minefield
2
Colored Red Africa Blitz
3
Find the 'City' Movie
4
5x2 Blitz: Bands
5
The Countries of the World
6
Find the Countries of Europe - No Outlines Minefield
7
Find the US States
8
US States
More Music Quizzes
Trivia Triangles: Signs That Rock
Published
Trending Quizzes
Colored Red Europe Blitz I
Colored Red Africa Blitz II
Colored Red Europe Blitz II
Colored Red Africa Blitz III
Colored Red Europe Blitz III
Recently Updated
How Do You Spell That?
pecheneg
Godzilla Movies
pecheneg
Grab Bag: 4-10 Letters
pecheneg
2024 March Madness Bracket
pecheneg
Famous TV Couples
Peacemaker
Champions League XIs: Real Madrid
pecheneg
Largest US Cities 1790-2010
pecheneg
Rides in Walt Disney World
pecheneg
Most Oscar Losses (Acting)
pecheneg
Beyoncé Albums
pecheneg
Trending Topics
NBA
Marvel
Crossword
Anime
Disney
Harry Potter
Kpop
Soccer
The Office
WWE
Pokémon
NFL
Puzzle
Country
Song
Your Account Isn't Verified!
In order to create a playlist on Sporcle, you need to verify the email address you used during registration. Go to your
Sporcle Settings
to finish the process.
Report this User
Report this user for behavior that violates our
Community Guidelines
.
Details:
Send Report
Go to the Sporcle.com Mobile Site →
Comments